LEADER 00899nam0-2200301---450- 001 990008611390403321 005 20080206091549.0 035 $a000861139 035 $aFED01000861139 035 $a(Aleph)000861139FED01 035 $a000861139 100 $a20080206d1990----km-y0itay50------ba 101 0 $aeng 102 $aGB 105 $ay-------001yy 200 1 $a<>politics of official discourse in twentieth-century South Africa$fAdam Ashforth 210 $aOxford$cClarendon$d1990 215 $aXIV, 296 p.$d23cm 225 1 $aOxford studies in African affairs 676 $a320.968$v21$zita 700 1$aAshforth,$bAdam$0309272 801 0$aIT$bUNINA$gRICA$2UNIMARC 901 $aBK 912 $a990008611390403321 952 $aXIV E 3495$b15589$fFSPBC 959 $aFSPBC 996 $aPolitics of official discourse in twentieth-century South Africa$9712104 997 $aUNINA LEADER 01504oam 2200445Ia 450 001 9910701246803321 005 20111209163201.0 035 $a(CKB)5470000002416590 035 $a(OCoLC)767886924 035 $a(EXLCZ)995470000002416590 100 $a20111209d1985 ua 0 101 0 $aeng 135 $aurbn||||||||| 181 $ctxt$2rdacontent 182 $cc$2rdamedia 183 $acr$2rdacarrier 200 10$aWilson study cycles$b[electronic resource] $eresearch relative to ocean geodynamic cycles /$fWilliam S.F. Kidd 210 1$a[Washington, D.C.] :$c[National Aeronautics and Space Administration],$d[1985] 215 $a1 online resource (23 unnumbered pages) $cillustrations 225 1 $aNASA-CR ;$v176560 300 $aTitle from title screen (viewed on Dec. 9, 2011). 320 $aIncludes bibliographical references (page [10]). 517 $aWilson study cycles 606 $aContinental shelves$2nasat 606 $aEarth planetary structure$2nasat 606 $aLithosphere$2nasat 606 $aPlates (tectonics)$2nasat 615 7$aContinental shelves. 615 7$aEarth planetary structure. 615 7$aLithosphere. 615 7$aPlates (tectonics) 700 $aKidd$b William S. F$01416236 712 02$aUnited States.$bNational Aeronautics and Space Administration. 801 0$bGPO 801 1$bGPO 801 2$bGPO 906 $aBOOK 912 $a9910701246803321 996 $aWilson study cycles$93520935 997 $aUNINA LEADER 03388nam 2200613Ia 450 001 9910785283003321 005 20230207213721.0 010 $a0-8135-4911-6 024 7 $a10.36019/9780813549118 035 $a(CKB)2670000000040932 035 $a(OCoLC)659558174 035 $a(CaPaEBR)ebrary10393230 035 $a(SSID)ssj0000412158 035 $a(PQKBManifestationID)11281516 035 $a(PQKBTitleCode)TC0000412158 035 $a(PQKBWorkID)10365608 035 $a(PQKB)10588798 035 $a(MiAaPQ)EBC870073 035 $a(MdBmJHUP)muse8184 035 $a(DE-B1597)526177 035 $a(OCoLC)1121056299 035 $a(DE-B1597)9780813549118 035 $a(Au-PeEL)EBL870073 035 $a(CaPaEBR)ebr10393230 035 $a(CaONFJC)MIL915853 035 $a(EXLCZ)992670000000040932 100 $a20090423d2010 uy 0 101 0 $aeng 135 $aurcn||||||||| 181 $ctxt 182 $cc 183 $acr 200 14$aThe artificial ear$b[electronic resource] $ecochlear implants and the culture of deafness /$fStuart Blume 210 $aNew Brunswick, N.J. $cRutgers University Press$dc2010 215 $a1 online resource (239 p.) 300 $aBibliographic Level Mode of Issuance: Monograph 311 $a0-8135-4659-1 311 $a0-8135-4660-5 320 $aIncludes bibliographical references and index. 327 $tFront matter --$tContents --$tPreface --$tChapter 1. The Promise of New Medical Technology --$tChapter 2. The Making of the Cochlear Implant --$tChapter 3. The Cochlear Implant and the Deaf Community --$tChapter 4. The Globalization of a Controversial Technology --$tChapter 5. Implantation Politics in the Netherlands --$tChapter 6. Contexts of Uncertainty: Parental Decision Making --$tChapter 7. Politics and Medical Progress --$tNotes --$tIndex 330 $aWhen it was first developed, the cochlear implant was hailed as a "miracle cure" for deafness. That relatively few deaf adults seemed to want it was puzzling. The technology was then modified for use with deaf children, 90 percent of whom have hearing parents. Then, controversy struck as the Deaf community overwhelmingly protested the use of the device and procedure. For them, the cochlear implant was not viewed in the context of medical progress and advances in the physiology of hearing, but instead represented the historic oppression of deaf people and of sign languages. Part ethnography and part historical study, The Artificial Ear is based on interviews with researchers who were pivotal in the early development and implementation of the new technology. Through an analysis of the scientific and clinical literature, Stuart Blume reconstructs the history of artificial hearing from its conceptual origins in the 1930's, to the first attempt at cochlear implantation in Paris in the 1950's, and to the widespread clinical application of the "bionic ear" since the 1980's. 606 $aCochlear implants$xSocial aspects 606 $aCochlear implants$xHistory 615 0$aCochlear implants$xSocial aspects. 615 0$aCochlear implants$xHistory. 676 $a617.8/8220592 700 $aBlume$b Stuart S.$f1942-$01508978 801 0$bMiAaPQ 801 1$bMiAaPQ 801 2$bMiAaPQ 906 $aBOOK 912 $a9910785283003321 996 $aThe artificial ear$93740510 997 $aUNINA